000 00876cab a2200289 4500
001 ABS58524
008 090401t1998 xxu||||| |||| 00| 0 eng d
035 _a(Sirsi) u85970
041 _aeng
100 _aBrewer, G.
245 _aDuty to advise and warn
260 _c1998
350 _a0
490 _aContract Journal
_v393(6171) 16 April 1998, 27(1)
520 _aConsiders a contractor`s liability for temporary works, as examined in "Plant Contruction v JMH Construction Services" (1998).
650 _aCONTRIBUTORY NEGLIGENCE
650 _aDESIGN
650 _aDUTY TO ADVISE
650 _aDUTY TO WARN
650 _aLIABILITY
650 _aPLANT CONSTRUCTION PLC V JMH CONSTRUCTION SERVICES
650 _aSUBCONTRACTORS
650 _aTEMPORARY WORKS
690 _aBUILT ENVIRONMENT-BUILDING CONTRACT FORMS
942 _n0
948 _c01/05/1998
999 _c54087
_d54087